| 000 | 00477nam a22001817a 4500 | ||
|---|---|---|---|
| 003 | CEME | ||
| 005 | 20210628202006.0 | ||
| 008 | 210129b xxu||||| |||| 00| 0 eng d | ||
| 020 | _a962-593-065-5 | ||
| 040 | _c. | ||
| 082 | _a639.95 WHI | ||
| 100 |
_aWhitten, Jane _957754 |
||
| 245 | _aTropical wildlife of southeast asia | ||
| 260 |
_aSINGAPORE _bISLAMIC PUBLICATIONS _c1998 |
||
| 300 | _a64P | ||
| 650 |
_aTROPICAL WILDLIFE OF SOUTHEAST ASIA _957755 |
||
| 942 |
_cBK _2ddc |
||
| 999 |
_c568016 _d568016 |
||